Analýza cílu dosažených v technické výchově

Bibliographic Details
Main Author: Stibor, Karel, 1938- (Author)
Format: Article
Language:Czech
Slovak
Subjects:

MARC

LEADER 00000nab a2200000 a 4500
001 vtls000411830
003 SK-MaSNL
005 20260303191118.0
008 160204c1989 xo 0 cze
015 |a SNBRA19rr/mm-uuuuu 
035 |a CL0411955 
040 |a SNKBUCL  |b slo  |c SNKBUCL  |e AACR2 
041 0 |a slo 
044 |a xo  |c SK 
080 |a 371.38  |2 1981 
100 1 |a Stibor, Karel,  |d 1938-  |4 aut  |9 99636 
245 1 0 |a Analýza cílu dosažených v technické výchově  |c Karel Stibor 
300 |b Lit. 5 zázn.v češ. 
650 0 7 |a technická výchova  |2 snkbucl  |9 3563 
655 7 |a články zo zborníkov  |2 snkbucl  |9 166140 
773 0 |t Pracovná výchova a polytechnické vzdelávanie  |d Žilina : Dom techniky ČSVTS, 1989 
850 |a Slovenská národná knižnica v Martine  |a MTA001 
852 |a SNK  |b KIS3GCP 
958 |a NB 
958 |a RK 
992 |a RZB 
999 |c 2139442  |d 2141372